The architecture of Delano & Aldrich /

Bibliographic Details
Main Author: Pennoyer, Peter
Other Authors: Walker, Anne
Format: Book
Language:English
Published: New York : Norton, [2003]
Subjects:

MARC

Tag First Indicator Second Indicator Subfields
LEADER 00000pam a22000004a 4500
001 in00001736607
005 20151025050450.0
008 021003s2003 nyuaf b 001 0 eng
010 |a  2002038657 
020 |a 0393730875 
035 |a (OCoLC)ocm50755036 
040 |a DLC  |c DLC  |d YDX  |d UtOrBLW 
042 |a pcc 
043 |a n-us--- 
049 |a TXAM 
050 0 0 |a NA737.D45  |b P46 2003 
082 0 0 |a 720/.92/2  |2 21 
100 1 |a Pennoyer, Peter. 
245 1 4 |a The architecture of Delano & Aldrich /  |c Peter Pennoyer and Anne Walker ; foreword by Robert A.M. Stern ; new photographs by Jonathan Wallen. 
264 1 |a New York :  |b Norton,  |c [2003] 
264 4 |c ©2003 
300 |a 224 pages, 32 unnumbered pages of plates :  |b illustrations (some color) ;  |c 32 cm. 
336 |a text  |b txt  |2 rdacontent 
337 |a unmediated  |b n  |2 rdamedia 
338 |a volume  |b nc  |2 rdacarrier 
504 |a Includes bibliographical references (pages 199-217) and index. 
600 1 0 |a Delano, William Adams,  |d 1874-1960  |x Criticism and interpretation. 
600 1 0 |a Aldrich, Chester Holmes,  |d 1871-1940  |x Criticism and interpretation. 
610 2 0 |a Delano & Aldrich  |x Criticism and interpretation. 
650 0 |a Architecture  |z United States  |x History  |y 20th century. 
700 1 |a Walker, Anne. 
945 |i PromptCat 
948 |a cataloged  |b cmulkey  |c 2003/4/23  |d 8:29:10 am 
994 |a 92  |b TXA 
999 |a MARS 
999 f f |s 68868a74-f770-3955-9809-6bb60af5d510  |i be5802ba-74e7-3c1c-8607-ce728e4c12cd  |t 0 
952 f f |p ric  |a Texas A&M University  |b Rellis Campus  |c Joint Library Facility  |d Remote Storage  |t 0  |e NA737.D45 P46 2003  |f Oversize  |h Library of Congress classification  |i unmediated -- volume  |m A14830061009 
998 f f |a NA737.D45 P46 2003  |t 0  |l Remote Storage